000 00812nam a2200205 i 4500
001 159565
003 ES-MaACL
005 20251005063124.0
008 040916s1899 sp |||| | spa d
040 _aCAM
_bspa
_cCAM
100 1 _aMhartín y Guix, Enrique,
_d1859-1932
_980841
245 1 0 _aCurso completo de taquigrafía abreviada "Sistema Martí"
_b: nuevo método que aventaja en brevedad, claridad y perfección a todos los conocidos ... /
_cpor Enrique Mhartín y Guix.
250 _a2ª ed. corr. y aum.
260 _aMadrid :
_bA. de San Martín,
_c1899.
300 _a169 p. ;
_c22 cm.
650 4 _aTaquigrafía Martí.
_9158818
852 _aES-MaACL
_jT-1025-F-2
_z-- Enc. hol., conservando la enc. original
_z-- Enc. en un vol. facticio
942 _2udc
999 _c159565
_d159565